000 00362nam a22001337a 4500
999 _c163858
_d163858
082 _aM09
_bPRA/N
100 _aPrasannarajan
245 _aNammude vimarsakaril ethra sahrudayarundu?
_cby Prasannarajan
260 _aKottayam:
_bN B S,
_c2016.
650 _aLiterature Malayalam Criticism
650 _aLiterature Malayalam
650 _aLiterature
942 _cBK